000 00249nam a22001217a 4500
008 171018b xxu||||| |||| 00| 0 eng d
041 _aeng
080 _a33
100 _a53
101 _aEKO
245 _aECONOMICS
_cMORTON, J.S
942 _2udc
_cBK
999 _c34547
_d34547